Geography starting in D, with second letters A-Z - Statistics

General Stats
  • This quiz has been taken 19 times
  • The average score is 8 of 26
Answer Stats
2nd letter Clue Answer starting with D % Correct
A Tanzania's biggest city (11 letters) Dar es Salaam
88%
E Country in the north which has left its mark (7) Denmark
88%
O Caribbean island nation (17) Dominican Republic
88%
J African city and country (8) Djibouti
82%
H Metropolis also known as the capital of Bangladesh (5) Dhaka
71%
I The capital of East Timor (4) Dili
71%
X Dubai Airport's code (3) DXB
59%
N Fruit ripened on banks of Ukrainian river (7) Dnieper
47%
P Abbreviation used for North Korea (4) DPRK
47%
Y Gambling paraphernalia discovered at Aberdeen airport (4) Dyce
35%
U Cool guy and clubber in E. Luxembourg (9) Dudelange
18%
F Found weird village in Lebanon (5) Dfoun
12%
M Russian town; the name is a corruption of a common Russian first name (7) Dmitrov
12%
R Norwegian city of sheep farmers? (7) Drammen
12%
B Eritrean town has pub showing a Washington symbol outside (6) Dbarwa
6%
D Puréed potato for headless men of Armenian village (8) Ddmashen
6%
Q Residence of an ex-Cleveland linebacker (19) D'Qwell Jackson's house
6%
T Warped art seen up first big hill in Ireland, Cnoc na ____ (6) dTarbh
6%
V Bosnian village, alternatively, October the 6th (7) Dvorovi
6%
W Dutch town where wing grade leads to toilet (9) Dwingeloo
6%
C Broken chair reassembled for the holy war with reverse software engineering in Moroccan town (15) Dchira El Jihadia
0%
G Paint with nothing to lose in Tunisian town (7) Dguache
0%
K Bandit leader held by the underground in Johannesburg street (11) Dkubu Street
0%
L Czech village - or French beret, body of grebe and its eggs (13) Dlouhá Třebová
0%
S Let the last of the republic hang in city of Cameroon (7) Dschang
0%
Z Uranium found by global organisation and British military department in Mongolian town (8) Dzuunmod
0%
No matching quizzes found
Score Distribution
Percent of People with Each Score
Percentile by Number Answered
Your Score History
You have not taken this quiz